000 00995nam a2200289Ia 4500
001 Para_1075
003 CHAP
008 220125s1996 xx 000 0 und d
010 _a199819
040 _cCHAP
090 _aPA TESIS 1041
100 _aPerea Díaz, Josefina
_987091
245 _aEvaluación de efectividad biológica de insecticidas sistemicos para escamas (Homoptera :
_b Disipididae), en pinos del Pinetum Maximino Martínez, Chapingo, México /
_c por Josefina Perea Díaz
260 _aChapingo, Méx. :
_b El autor
300 _a69 h.
502 _aTesis (Ing. Agr. Esp. en Parasitología Agrícola), UACh. Depto. Parasitología
650 _aHomopteros
_956067
650 _aPinaceas
_x plagas
_988257
710 _aUACh. Departamento Parasitología Agrícola
_9164025
901 _aPA TESIS 1041
902 _aA
905 _a0000001996 a 0000000000 00
910 _a1996
942 _cPARA
942 _cPARA
_d1
999 _c199819
_d199819